| 000 | 00598nam a2200229Ia 4500 | ||
|---|---|---|---|
| 003 | OSt | ||
| 005 | 20220924134604.0 | ||
| 006 | a|||||r|||| 00| 0 | ||
| 007 | ta | ||
| 008 | 220923b |||||||| |||| 00| 0 fre d | ||
| 024 | _a280530 | ||
| 037 | _cTextual | ||
| 040 |
_aARTS _cARTS _bfre |
||
| 041 |
_2fre _afre |
||
| 082 | _aO122x, H0.3 | ||
| 100 |
_aWoodbine George E Ed. _9208778 |
||
| 245 | 0 | _aBracton de legibus et consuetudinibus angliae | |
| 260 | _c1940 | ||
| 300 |
_a412p. _ccm. |
||
| 942 |
_hO122x, H0.3 _cTEXL _2CC |
||
| 999 |
_c437936 _d437936 |
||